[Event "FIDE World Bl Team Pool A"]
[Site "London ENG"]
[Date "2025.06.14"]
[Round "7.2"]
[White "Yatskar, Martin"]
[Black "Reimanis, Ritvars"]
[Result "0-1"]
[WhiteTitle "CM"]
[BlackTitle "IM"]
[WhiteElo "2225"]
[BlackElo "2355"]
[WhiteTeam "Berlin Lasker Legends"]
[BlackTeam "The MongolZ"]
[WhiteFideId "34109676"]
[BlackFideId "11602988"]
[EventDate "2025.06.14"]
[EventType "team"]

1. d4 Nf6 2. c4 e6 3. Nc3 d5 4. cxd5 exd5 5. Bg5 Be7 6. e3 O-O 7. Bd3 c6 8. Qc2
h6 9. Bf4 Nh5 10. Nf3 Nxf4 11. exf4 Bd6 12. g3 Re8+ 13. Ne2 Bb4+ 14. Nd2 Bg4 15.
Kd1 Qb6 16. a3 Bxd2 17. Qxd2 Nd7 18. Re1 c5 19. Rc1 cxd4 20. Qb4 Qxb4 21. axb4
a5 22. b5 b6 23. Rc6 Nc5 24. Kd2 Bxe2 25. Rxe2 Rxe2+ 26. Kxe2 Rb8 27. f3 Na4 28.
b3 Nc5 29. Bc2 d3+ 30. Bxd3 Nxb3 31. Rd6 a4 32. Kd1 a3 33. Bb1 Rc8 34. Ba2 Rc1+
35. Ke2 Nd4+ 36. Kd3 Nxb5 37. Rxb6 Nc3 38. Bb3 a2 39. Bxa2 Nxa2 40. Rb8+ Kh7 41.
Kd2 Rh1 42. h4 Rh3 43. Rb2 Rh2+ 0-1

[Event "FIDE World Bl Team Pool A"]
[Site "London ENG"]
[Date "2025.06.14"]
[Round "7.3"]
[White "Itgelt, Khuyagtsogt"]
[Black "Kunz, Andre"]
[Result "1-0"]
[WhiteTitle "IM"]
[BlackTitle "CM"]
[WhiteElo "2425"]
[BlackElo "2128"]
[WhiteTeam "The MongolZ"]
[BlackTeam "Berlin Lasker Legends"]
[WhiteFideId "4902912"]
[BlackFideId "24623652"]
[EventDate "2025.06.14"]
[EventType "team"]

1. d4 d5 2. c4 dxc4 3. Nf3 Nf6 4. e3 Bg4 5. Bxc4 e6 6. h3 Bh5 7. Nc3 Nc6 8. O-O
Bd6 9. Be2 O-O 10. b3 Qe7 11. Bb2 Rad8 12. Nb5 a6 13. Nxd6 cxd6 14. Ba3 Rc8 15.
Rc1 Rfd8 16. Qd2 Qd7 17. Qb2 d5 18. Rfe1 Ne4 19. Rxc6 Qxc6 20. Ne5 Qc3 21. Qxc3
Rxc3 22. Bxh5 g6 23. Bd1 b5 24. f3 Nf6 25. Be7 Rdc8 26. Bxf6 Rc1 27. Be7 Ra1 28.
Bc5 f6 29. Nd7 Kf7 30. Nb6 Re8 31. a4 e5 32. Nxd5 bxa4 33. bxa4 Rb1 34. Nc3 Rc1
35. Bb3+ Kg7 36. Rxc1 1-0

[Event "FIDE World Bl Team Pool A"]
[Site "London ENG"]
[Date "2025.06.14"]
[Round "7.4"]
[White "Stein, Theodor"]
[Black "Nomin-Erdene, Davaademberel"]
[Result "0-1"]
[BlackTitle "IM"]
[WhiteElo "1877"]
[BlackElo "2293"]
[WhiteTeam "Berlin Lasker Legends"]
[BlackTeam "The MongolZ"]
[WhiteFideId "34602801"]
[BlackFideId "4900782"]
[EventDate "2025.06.14"]
[EventType "team"]

1. Nf3 f5 2. d3 d6 3. e4 e5 4. g3 Nc6 5. Bg2 Nf6 6. Nc3 Be7 7. O-O O-O 8. a3 Qe8
9. Nh4 f4 10. Nf5 fxg3 11. fxg3 Nd4 12. Nxe7+ Qxe7 13. Bg5 c6 14. h3 h6 15. Bxf6
Rxf6 16. Rxf6 Qxf6 17. Ne2 Ne6 18. Qf1 Qg5 19. h4 Qd2 20. Qd1 Qe3+ 21. Kh2 Bd7
22. Ng1 Rf8 23. Qe2 Qxe2 24. Nxe2 Rf2 25. Re1 Nd4 26. Nxd4 exd4 27. Rc1 Bg4 28.
Kg1 Rd2 29. Kf1 Kf7 30. Kg1 Ke6 31. Kf1 Ke5 32. Kg1 Re2 33. Kf1 Rd2 34. Kg1 Rd1+
35. Rxd1 Bxd1 36. c3 c5 37. Kf2 b5 38. Bf1 Bb3 39. Kf3 c4 40. cxd4+ Kxd4 41.
dxc4 Bxc4 42. Bh3 a5 43. Kf4 Kd3 44. Kf5 Kc2 45. Kg6 Kxb2 46. Kxg7 Kxa3 47. Kxh6
b4 48. g4 b3 49. g5 b2 50. g6 b1=Q 51. Bf5 Qg1 52. h5 Kb2 53. Kg7 a4 54. h6 a3
55. h7 Qd4+ 56. Kh6 Qf6 57. Kh5 a2 58. Kh6 a1=Q 59. e5 Qh1+ 0-1

[Event "FIDE World Bl Team Pool A"]
[Site "London ENG"]
[Date "2025.06.14"]
[Round "7.5"]
[White "Ulziikhishig Khishigbat"]
[Black "Ho, Ngoc Hai-Dang"]
[Result "1-0"]
[WhiteTitle "FM"]
[WhiteElo "2266"]
[BlackElo "1932"]
[WhiteTeam "The MongolZ"]
[BlackTeam "Berlin Lasker Legends"]
[WhiteFideId "4908120"]
[BlackFideId "16206509"]
[EventDate "2025.06.14"]
[EventType "team"]

1. d4 Nf6 2. c4 g6 3. Nc3 Bg7 4. e4 d6 5. Bd3 O-O 6. Nge2 Nc6 7. O-O e5 8. d5
Ne7 9. h3 Ne8 10. Be3 f5 11. exf5 Nxf5 12. Bd2 Nf6 13. Ne4 Nxe4 14. Bxe4 Qh4 15.
f3 Ng3 16. Be1 Nxe2+ 17. Qxe2 Qg5 18. Kh2 Bh6 19. Bg3 Qh5 20. b4 b6 21. c5 bxc5
22. bxc5 a5 23. Qc2 Ba6 24. Rfe1 Rab8 25. cxd6 cxd6 26. Qc6 Bb7 27. Qxd6 Rbd8
28. Qe6+ Kh8 29. Qxe5+ Bg7 30. Qxh5 gxh5 31. Rad1 Bc3 32. Re3 Bb4 33. d6 h4 34.
Be5+ Kg8 35. Bxb7 1-0

[Event "FIDE World Bl Team Pool A"]
[Site "London ENG"]
[Date "2025.06.14"]
[Round "7.6"]
[White "Schuster, Rebekka"]
[Black "Araya Fuentes, Cristian"]
[Result "0-1"]
[WhiteElo "1806"]
[BlackElo "1921"]
[WhiteTeam "Berlin Lasker Legends"]
[BlackTeam "The MongolZ"]
[WhiteFideId "24674095"]
[BlackFideId "6502946"]
[EventDate "2025.06.14"]
[EventType "team"]

1. e4 c6 2. d4 d5 3. Nc3 dxe4 4. Nxe4 Nd7 5. Ng5 Ngf6 6. Bd3 e6 7. N1f3 h6 8.
Ne4 Nxe4 9. Bxe4 c5 10. Be3 Nf6 11. Bd3 cxd4 12. Bxd4 Be7 13. Bb5+ Bd7 14. Bxd7+
Qxd7 15. Bxf6 Bxf6 16. Qxd7+ Kxd7 17. Rd1+ Kc7 18. c3 a6 19. O-O Rad8 20. Rxd8
Rxd8 21. Re1 b5 22. a4 bxa4 23. Ra1 a3 24. bxa3 Rd3 0-1

[Event "FIDE World Bl Team Pool A"]
[Site "London ENG"]
[Date "2025.06.14"]
[Round "8.1"]
[White "Bjerre, Jonas Buhl"]
[Black "Gledura, Benjamin"]
[Result "0-1"]
[WhiteTitle "GM"]
[BlackTitle "GM"]
[WhiteElo "2651"]
[BlackElo "2668"]
[WhiteTeam "¡Ållez-Y Initiative!"]
[BlackTeam "Ashdod Elit Chess Club"]
[WhiteFideId "1444948"]
[BlackFideId "712779"]
[EventDate "2025.06.14"]
[EventType "team"]

1. e4 c6 2. d4 d5 3. exd5 cxd5 4. Nf3 Nc6 5. c3 e6 6. Bf4 Bd6 7. Bxd6 Qxd6 8.
Bd3 Nge7 9. O-O h6 10. Re1 O-O 11. Nbd2 Bd7 12. Nf1 f6 13. c4 Be8 14. Ng3 Bf7
15. Qe2 Rfe8 16. Rad1 Rad8 17. Bb1 b6 18. h4 Nf5 19. Nxf5 exf5 20. Qc2 Re4 21.
c5 Qe6 22. Qd2 Bh5 23. Bxe4 fxe4 24. Rc1 Bxf3 25. gxf3 Qh3 26. fxe4 Qg4+ 27. Kf1
dxe4 28. Qe3 Nxd4 29. Qxe4 Qh3+ 30. Qg2 Qd3+ 31. Kg1 Nf3+ 32. Kh1 Nxe1 33. Rxe1
bxc5 34. Kh2 Qd6+ 35. Qg3 Qxg3+ 36. Kxg3 Rd2 37. Re7 Rxb2 38. Rxa7 c4 39. Rc7
Rb4 40. f3 h5 41. Rc5 Ra4 42. Rxh5 Rxa2 43. Rc5 Rc2 44. h5 Kh7 45. Rc8 Rc1 46.
f4 c3 47. Kh2 Rf1 48. Rxc3 Rxf4 49. Kg3 Re4 50. Rc5 Re5 51. Rxe5 fxe5 52. Kg4
Kh6 0-1

[Event "FIDE World Bl Team Pool A"]
[Site "London ENG"]
[Date "2025.06.14"]
[Round "8.3"]
[White "Muetsch, Annmarie"]
[Black "Eljanov, Pavel"]
[Result "0-1"]
[WhiteTitle "WIM"]
[BlackTitle "GM"]
[WhiteElo "2271"]
[BlackElo "2669"]
[WhiteTeam "¡Ållez-Y Initiative!"]
[BlackTeam "Ashdod Elit Chess Club"]
[WhiteFideId "12971367"]
[BlackFideId "14102951"]
[EventDate "2025.06.14"]
[EventType "team"]

1. e4 e5 2. Nf3 Nc6 3. Bc4 Bc5 4. c3 Nf6 5. d3 d6 6. Nbd2 a5 7. Bb3 O-O 8. O-O
h6 9. h3 Be6 10. Re1 Re8 11. Nf1 Bxb3 12. Qxb3 a4 13. Qd1 d5 14. Ng3 Qd7 15. Qe2
Rad8 16. Nf5 Bf8 17. Bd2 Kh7 18. Rad1 g6 19. Ng3 Bg7 20. Bc1 b5 21. Nh2 b4 22.
Ng4 Nxg4 23. hxg4 Qe6 24. a3 bxc3 25. bxc3 d4 26. c4 Na5 27. Qf3 Nb3 28. Bb2 Bf6
29. Ne2 Rb8 30. Nc1 Nc5 31. Ba1 Bg5 32. g3 Nb3 33. Nxb3 Rxb3 34. Kg2 Reb8 35.
Rh1 Rxa3 36. Rb1 Rab3 37. Rxb3 Rxb3 38. Qd1 c5 39. Qf3 Kg7 40. Qd1 Qb6 41. Qf3
Rb1 0-1

[Event "FIDE World Bl Team Pool A"]
[Site "London ENG"]
[Date "2025.06.14"]
[Round "8.4"]
[White "Smirin, Ilia"]
[Black "Loftgaard, Mikkel Vinh"]
[Result "1-0"]
[WhiteTitle "GM"]
[BlackTitle "FM"]
[WhiteElo "2564"]
[BlackElo "2243"]
[WhiteTeam "Ashdod Elit Chess Club"]
[BlackTeam "¡Ållez-Y Initiative!"]
[WhiteFideId "2801990"]
[BlackFideId "1468480"]
[EventDate "2025.06.14"]
[EventType "team"]

1. e4 c5 2. Nf3 e6 3. d3 d5 4. Qe2 dxe4 5. dxe4 Nc6 6. g3 Nf6 7. e5 Nd5 8. c3
Be7 9. Bg2 O-O 10. O-O Qc7 11. Re1 Rd8 12. Nbd2 Rb8 13. h4 b5 14. Nf1 c4 15. Bg5
a5 16. Bxe7 Qxe7 17. Rad1 Ba6 18. Ne3 b4 19. Nxd5 exd5 20. Ng5 h6 21. Nh3 Qc5
22. e6 f6 23. Nf4 Re8 24. Rxd5 Qb6 25. Rd6 Rbc8 26. Qh5 Re7 27. Nd5 Qa7 28.
Nxe7+ Nxe7 29. Rd7 1-0

[Event "FIDE World Bl Team Pool A"]
[Site "London ENG"]
[Date "2025.06.14"]
[Round "8.5"]
[White "Jalving, August"]
[Black "Osmak, Yuliia"]
[Result "0-1"]
[WhiteTitle "CM"]
[BlackTitle "IM"]
[WhiteElo "2306"]
[BlackElo "2468"]
[WhiteTeam "¡Ållez-Y Initiative!"]
[BlackTeam "Ashdod Elit Chess Club"]
[WhiteFideId "1471759"]
[BlackFideId "14101602"]
[EventDate "2025.06.14"]
[EventType "team"]

1. e4 Nc6 2. Nf3 d6 3. d4 Bg4 4. d5 Ne5 5. Nxe5 Bxd1 6. Bb5+ c6 7. dxc6 Qa5+ 8.
Nc3 O-O-O 9. Nc4 Qc7 10. Nd5 Bxc2 11. Nxc7 Kxc7 12. cxb7 Bxe4 13. Be3 Kxb7 14.
f3 Bd5 15. Na5+ Ka8 16. Rd1 e6 17. Rd3 Nf6 18. Ra3 Rc8 19. O-O Be7 20. Nb3 Rc7
21. Rc1 Rhc8 22. Rxa7+ Kb8 23. Raxc7 Rxc7 24. Rxc7 Kxc7 25. Bd3 Bxb3 26. axb3
Nd5 27. Bd2 Bf6 28. Bxh7 Bxb2 29. Bg8 Bd4+ 30. Kf1 Ne3+ 31. Bxe3 Bxe3 32. Bxf7
Kd7 33. Bg6 Bf4 34. h3 Bd2 35. Ke2 Bb4 36. Kd3 d5 37. Kd4 Kd6 38. f4 Bd2 39. g3
Be1 40. g4 Bd2 41. f5 e5+ 42. Kd3 Bg5 43. Be8 e4+ 44. Ke2 Kc5 45. Bf7 d4 46. Bc4
Kb4 47. Bd5 d3+ 48. Kd1 e3 49. h4 Bxh4 50. Be4 e2+ 51. Kd2 0-1

[Event "FIDE World Bl Team Pool A"]
[Site "London ENG"]
[Date "2025.06.14"]
[Round "8.6"]
[White "Sailaubay, Aldiyar"]
[Black "McCallum, Elliot"]
[Result "1/2-1/2"]
[WhiteElo "1910"]
[BlackElo "1924"]
[WhiteTeam "Ashdod Elit Chess Club"]
[BlackTeam "¡Ållez-Y Initiative!"]
[WhiteFideId "13729357"]
[BlackFideId "2645718"]
[EventDate "2025.06.14"]
[EventType "team"]

1. e4 c5 2. Nc3 Nc6 3. Nf3 g6 4. d4 cxd4 5. Nxd4 Bg7 6. Nb3 Nf6 7. Be2 O-O 8.
O-O d6 9. Re1 Be6 10. Bf1 d5 11. Nc5 dxe4 12. Qxd8 Raxd8 13. Nxe6 fxe6 14. Be3
Nd5 15. Nxe4 Nxe3 16. fxe3 Nb4 17. Re2 Nd5 18. c3 Bh6 19. Rae1 b6 20. Nf2 Rf7
21. Ng4 Bg7 22. Rf2 Rxf2 23. Nxf2 h5 24. Bc4 Bh6 25. e4 Nc7 26. Rd1 Rxd1+ 27.
Nxd1 Bc1 28. Kf1 Kf7 29. Ke2 Ne8 30. b3 Bf4 31. h3 Nd6 32. Nb2 Nxe4 33. Kd3 Nd6
34. Ba6 Bc1 35. Nd1 Bh6 36. Nf2 Nf5 37. Ne4 Bf4 38. Bc4 Bc7 39. Ke2 Nd6 40. Bd3
Nxe4 41. Bxe4 Be5 42. c4 Kf6 43. Kf3 Bb2 44. Bc2 e5 45. Be4 a5 46. Bc6 Kf5 47.
Be4+ Kg5 48. Bb1 Bc1 49. Ke4 Bf4 50. Kd5 Kh4 51. Bxg6 Kg5 52. Be4 Kh4 53. Ke6
Bg5 54. Kxe5 Bf6+ 55. Kf4 Bg5+ 56. Kf3 Bf6 57. Bf5 Kg5 58. Bd7 Kg6 59. Ke4 Kg5
60. Be6 Kh6 61. Kf5 Bc3 62. g4 hxg4 63. hxg4 Bf6 64. a3 Bb2 65. g5+ Kg7 66. a4
Bc1 67. g6 Bb2 68. Bf7 Ba3 69. Ke6 Bc5 70. Be8 Kf8 71. Bc6 Kg7 72. Be4 Kf8 73.
Kd7 Kg7 74. Ke8 Bb4 75. Bf5 Bc5 76. Be4 1/2-1/2

[Event "FIDE World Bl Team Pool A"]
[Site "London ENG"]
[Date "2025.06.14"]
[Round "8.1"]
[White "Eilenberg, Jonas"]
[Black "Sava, Robert-Gabriel"]
[Result "1/2-1/2"]
[WhiteTitle "FM"]
[BlackTitle "CM"]
[WhiteElo "2316"]
[BlackElo "2121"]
[WhiteTeam "Berlin Lasker Legends"]
[BlackTeam "xChess.AI"]
[WhiteFideId "16204271"]
[BlackFideId "1265725"]
[EventDate "2025.06.14"]
[EventType "team"]

1. d4 e6 2. c4 b6 3. e4 Bb7 4. Bd3 f5 5. exf5 Bb4+ 6. Kf1 Nf6 7. Nc3 O-O 8. Nf3
Nc6 9. Bg5 Be7 10. a3 exf5 11. d5 Ne4 12. dxc6 Bxc6 13. Bxe7 Qxe7 14. Nd5 Qc5
15. Qc2 Bxd5 16. cxd5 Qd6 17. Rc1 Kh8 18. Bxe4 fxe4 19. Qxe4 Rae8 20. Qd4 Rf4
21. Qd3 Ref8 22. h4 Qh6 23. Re1 Qf6 24. Qc3 Qf5 25. Rh3 Qxd5 26. Rg3 R4f7 27.
Kg1 Qf5 28. Re5 Qb1+ 29. Kh2 d6 30. Reg5 Rg8 31. h5 h6 32. Rg6 Kh7 33. R6g4 Qf5
34. Rh4 Re8 35. Qc4 d5 36. Qg4 Qxg4 37. Rhxg4 c5 38. Rg6 Re2 39. Rd6 Rxf2 40.
Rxd5 Rxb2 41. Ne5 Re7 42. Ng6 Re8 43. Rd7 Rf2 44. Nf8+ Kg8 45. Ng6 Rf7 46. Rd6
c4 47. Rc6 b5 48. a4 bxa4 49. Rxc4 Rf5 50. Rh3 a3 51. Rxa3 Rxh5+ 52. Rh3 Rg5 53.
Nf4 a5 54. Rg3 Rxg3 55. Kxg3 Re3+ 56. Kf2 Ra3 57. Rc7 Ra2+ 58. Kf3 a4 59. Ne6 g5
60. Ra7 a3 61. Nd4 Ra1 62. Kg4 a2 63. Nf3 Kf8 64. Kf5 Ke8 65. Kg6 Kd8 66. Ra3
Kc7 67. Nd2 Rg1 68. Rxa2 Rxg2 69. Kxh6 g4 70. Rc2+ Kd7 71. Kg5 g3 72. Kf4 Kd8
73. Kf3 Rf2+ 74. Kxg3 Re2 75. Kf3 Rh2 76. Ke3 Kd7 77. Rc4 Rh3+ 78. Nf3 Rh6 79.
Nd4 Rh3+ 80. Nf3 Rh6 81. Ke4 Re6+ 82. Ne5+ Kd6 83. Rc6+ Ke7 84. Rc7+ Kd6 85.
Rd7+ Kc5 86. Rd5+ Kb6 87. Kd4 Rh6 88. Nc4+ Kc6 89. Rc5+ Kb7 90. Kd5 Rh5+ 91. Ne5
Rh1 92. Rb5+ Kc7 93. Rc5+ Kb7 94. Rc3 Rd1+ 95. Kc5 Kc7 96. Nc4 Kd7 97. Re3 Rc1
98. Re2 Rc3 99. Kd5 Rc1 100. Nb6+ Kc7 101. Nc4 Rd1+ 102. Kc5 Kd7 103. Nb6+ Kd8
104. Kc6 Rc1+ 105. Kd6 Rd1+ 106. Nd5 Kc8 107. Rb2 Rd3 108. Kc6 Rd1 109. Kd6 Rd4
110. Rb6 Rd1 111. Rc6+ Kb7 112. Rc2 Ka6 113. Kc6 Ra1 114. Rc5 Ka7 115. Nb4 Kb8
116. Kb6 Rb1 117. Rb5 Kc8 118. Kc6 Rc1+ 119. Kb6 Kd8 120. Re5 Kd7 121. Rd5+ Ke6
122. Rd2 Kf6 123. Nc6 Rb1+ 124. Kc7 Rc1 125. Kd6 Re1 126. Rf2+ Kg5 127. Ne5 Ra1
128. Nc6 Rd1+ 129. Ke6 Kg4 130. Ne5+ Kg3 131. Rf8 Ra1 132. Rf7 Ra6+ 133. Kf5 Ra1
134. Rg7+ Kf2 135. Kf4 Ra4+ 136. Kf5 Ke3 137. Rg3+ Kf2 138. Rb3 Ke2 139. Nc6 Kd2
140. Ke5 Rh4 141. Nd4 Rh5+ 142. Ke4 Rh4+ 143. Kd5 Rh5+ 144. Kc4 Rh8 145. Rd3+
Ke1 146. Rf3 Kd2 147. Rg3 Rc8+ 148. Kd5 Rd8+ 149. Ke5 1/2-1/2

[Event "FIDE World Bl Team Pool A"]
[Site "London ENG"]
[Date "2025.06.14"]
[Round "8.2"]
[White "Rusu, Lucas"]
[Black "Yatskar, Martin"]
[Result "0-1"]
[BlackTitle "CM"]
[WhiteElo "2038"]
[BlackElo "2225"]
[WhiteTeam "xChess.AI"]
[BlackTeam "Berlin Lasker Legends"]
[WhiteFideId "42206472"]
[BlackFideId "34109676"]
[EventDate "2025.06.14"]
[EventType "team"]

1. e4 e5 2. Nf3 Nc6 3. Bb5 a6 4. Ba4 Nf6 5. O-O d6 6. d3 g6 7. c3 Bg7 8. Re1 O-O
9. Nbd2 Bd7 10. Nf1 h6 11. Ng3 Re8 12. h3 Nh7 13. Bb3 Be6 14. Bc2 d5 15. Qe2 b5
16. Bd2 Qd7 17. a3 a5 18. Rad1 d4 19. Bc1 a4 20. Nh2 Nf6 21. Rf1 dxc3 22. bxc3
Na5 23. Nf3 Bb3 24. Bb2 Qc6 25. Rc1 Bxc2 26. Rxc2 Nb3 27. Rd1 Nd7 28. Nf1 Qb6
29. Ne3 c6 30. Nd2 Nxd2 31. Rdxd2 Nc5 32. Rd1 Rad8 33. Bc1 Nb3 34. Bb2 h5 35. h4
Bh6 36. Nf1 Rd7 37. Ng3 Red8 38. Qf3 c5 39. Ne2 Qe6 40. g3 Bg7 41. Qe3 Qg4 42.
Kg2 Kh7 43. f3 Qe6 44. Nc1 Bh6 45. Qe2 c4 46. d4 exd4 47. cxd4 Nxd4 48. Bxd4
Rxd4 49. Rxd4 Rxd4 50. Na2 Rd3 51. Nc3 Qd7 52. Nd5 Bg7 53. Ra2 Qd6 54. f4 Rxa3
55. Rxa3 Qxa3 56. f5 Qb2 0-1

[Event "FIDE World Bl Team Pool A"]
[Site "London ENG"]
[Date "2025.06.14"]
[Round "8.3"]
[White "Kunz, Andre"]
[Black "Badescu, Matei-Andrei"]
[Result "0-1"]
[WhiteTitle "CM"]
[WhiteElo "2128"]
[BlackElo "1947"]
[WhiteTeam "Berlin Lasker Legends"]
[BlackTeam "xChess.AI"]
[WhiteFideId "24623652"]
[BlackFideId "42213096"]
[EventDate "2025.06.14"]
[EventType "team"]

1. e4 c5 2. c3 Nf6 3. e5 Nd5 4. d4 Nc6 5. Nf3 cxd4 6. cxd4 d6 7. Bc4 dxe5 8.
dxe5 Be6 9. O-O g6 10. Nd4 Bg7 11. Nxc6 bxc6 12. Re1 O-O 13. Qe2 Qb6 14. Bg5
Rfe8 15. Nc3 h6 16. Bxd5 cxd5 17. Bf4 Red8 18. Rac1 Bf5 19. h3 d4 20. Na4 Qa5
21. b3 d3 22. Qd2 Qxd2 23. Bxd2 Rac8 24. g4 Be6 25. f4 Rc2 26. Rxc2 dxc2 27. Be3
Rd1 28. Kf2 g5 29. Nc3 Rxe1 30. Kxe1 gxf4 31. Bxf4 Bxe5 0-1

[Event "FIDE World Bl Team Pool A"]
[Site "London ENG"]
[Date "2025.06.14"]
[Round "8.4"]
[White "Sava, Christiansen-Danut-Eugen"]
[Black "Stein, Theodor"]
[Result "0-1"]
[WhiteTitle "FM"]
[WhiteElo "2002"]
[BlackElo "1877"]
[WhiteTeam "xChess.AI"]
[BlackTeam "Berlin Lasker Legends"]
[WhiteFideId "1210114"]
[BlackFideId "34602801"]
[EventDate "2025.06.14"]
[EventType "team"]

1. b4 a5 2. b5 Nf6 3. Bb2 g6 4. Nf3 Bg7 5. e3 O-O 6. Be2 d6 7. O-O e5 8. c4 b6
9. d4 Nbd7 10. Nc3 Bb7 11. Rc1 Re8 12. Qc2 exd4 13. exd4 Rc8 14. Rfe1 d5 15. c5
bxc5 16. Na4 c4 17. Bc3 Ra8 18. Nc5 Bc8 19. a4 Ne4 20. Bxc4 Ndxc5 21. dxc5 Nxc3
22. Rxe8+ Qxe8 23. Bf1 Bf5 24. Qd2 Be4 25. Rxc3 Bxc3 26. Qxc3 Bxf3 27. Qxf3 Qe5
28. h4 Rd8 29. b6 cxb6 30. cxb6 Rb8 31. Qb3 Qd6 32. b7 Qc6 33. h5 Rxb7 34. Qe3
Qe6 35. Qc3 gxh5 36. Qxa5 Qd7 37. Bb5 Qc7 38. Qa8+ Kg7 39. Qe8 Qe7 40. Qc6 Rc7
41. Qxd5 Rc1+ 42. Kh2 Qh4# 0-1

[Event "FIDE World Bl Team Pool A"]
[Site "London ENG"]
[Date "2025.06.14"]
[Round "8.5"]
[White "Ho, Ngoc Hai-Dang"]
[Black "Badescu, Eliza-Ioana"]
[Result "1-0"]
[WhiteElo "1932"]
[BlackElo "1832"]
[WhiteTeam "Berlin Lasker Legends"]
[BlackTeam "xChess.AI"]
[WhiteFideId "16206509"]
[BlackFideId "42214890"]
[EventDate "2025.06.14"]
[EventType "team"]

1. e4 c6 2. d4 d5 3. e5 c5 4. c4 Nc6 5. Nf3 Bg4 6. cxd5 Qxd5 7. Nc3 Qd8 8. d5
Bxf3 9. Qxf3 Nxe5 10. Qf5 Nd7 11. Bf4 a6 12. Bd3 Ngf6 13. O-O Nb6 14. Rad1 g6
15. Qe5 Bg7 16. d6 Nbd7 17. Qxe7+ Qxe7 18. dxe7 Kxe7 19. Rfe1+ Kd8 20. Bd6 Re8
21. Na4 Rc8 22. Rxe8+ Nxe8 23. Bf4 b5 24. Nc3 Bxc3 25. bxc3 Ke7 26. Re1+ Kf8 27.
Bh6+ Kg8 28. Be4 Nef6 29. Bf3 Re8 30. Rd1 Ne5 31. Bb7 a5 32. Bf4 Nc4 33. Bc6 Ne4
34. Bxe8 Nxc3 35. Rc1 Ne2+ 36. Kf1 Nxc1 37. Bxc1 b4 38. Ke1 Nd6 1-0

[Event "FIDE World Bl Team Pool A"]
[Site "London ENG"]
[Date "2025.06.14"]
[Round "8.6"]
[White "Platschek, Luca"]
[Black "Schuster, Rebekka"]
[Result "1-0"]
[WhiteElo "1626"]
[BlackElo "1806"]
[WhiteTeam "xChess.AI"]
[BlackTeam "Berlin Lasker Legends"]
[WhiteFideId "1289888"]
[BlackFideId "24674095"]
[EventDate "2025.06.14"]
[EventType "team"]

1. b4 f5 2. Bb2 e6 3. b5 Nf6 4. e3 Be7 5. Nf3 O-O 6. Be2 d6 7. O-O e5 8. Bc4+
Kh8 9. d3 c6 10. a4 d5 11. Bb3 e4 12. Nd4 c5 13. Ne2 Bd6 14. h3 Nbd7 15. c4 Ne5
16. Bxe5 Bxe5 17. d4 cxd4 18. exd4 Bc7 19. Nbc3 Be6 20. Rc1 f4 21. cxd5 Nxd5 22.
Nxd5 Bxd5 23. Bxd5 Bb6 24. Bxe4 Rc8 25. Rxc8 Qxc8 26. d5 Re8 27. Bf3 Qf5 28. Nd4
Qf6 29. Ne6 Rxe6 30. dxe6 Qxe6 31. Re1 Qf7 32. Qd5 Kg8 33. Qxf7+ Kxf7 34. Bxb7
g5 35. Rd1 h5 36. Kf1 Ke6 37. Rd5 Kf6 38. Ke2 Kg6 39. g3 fxg3 40. fxg3 Kf6 41.
h4 gxh4 42. gxh4 Kg6 43. Rg5+ Kh6 44. Bf3 Kh7 45. Rxh5+ Kg6 46. Rg5+ Kh6 47. Kd3
Kh7 48. h5 Kh6 49. Rg6+ Kh7 50. Rxb6 axb6 51. a5 bxa5 52. b6 1-0

[Event "FIDE World Bl Team Pool A"]
[Site "London ENG"]
[Date "2025.06.14"]
[Round "8.1"]
[White "Dudin, Gleb"]
[Black "Chinguun, Sumiya"]
[Result "1-0"]
[WhiteTitle "GM"]
[BlackTitle "FM"]
[WhiteElo "2574"]
[BlackElo "2415"]
[WhiteTeam "Global Ramblers"]
[BlackTeam "The MongolZ"]
[WhiteFideId "34184934"]
[BlackFideId "4902572"]
[EventDate "2025.06.14"]
[EventType "team"]

1. Nf3 Nf6 2. c4 g6 3. Nc3 Bg7 4. d4 O-O 5. e4 d6 6. Be2 Nbd7 7. O-O e5 8. Re1
Qe7 9. Bf1 c6 10. h3 a5 11. Rb1 exd4 12. Nxd4 Nc5 13. b3 Nfxe4 14. Nxe4 Nxe4 15.
Bb2 Qh4 16. g3 Nxg3 17. Nf3 Qf4 18. Bxg7 Nxf1 19. Bxf8 Bxh3 20. Qd4 Qxd4 21.
Nxd4 Rxf8 22. Rbd1 d5 23. cxd5 cxd5 24. Rd3 Rc8 25. Rxh3 Nd2 26. Rd3 Ne4 27. Kg2
Rd8 28. Ne6 1-0

[Event "FIDE World Bl Team Pool A"]
[Site "London ENG"]
[Date "2025.06.14"]
[Round "8.2"]
[White "Reimanis, Ritvars"]
[Black "Shabalov, Alexander"]
[Result "1/2-1/2"]
[WhiteTitle "IM"]
[BlackTitle "GM"]
[WhiteElo "2355"]
[BlackElo "2483"]
[WhiteTeam "The MongolZ"]
[BlackTeam "Global Ramblers"]
[WhiteFideId "11602988"]
[BlackFideId "2008572"]
[EventDate "2025.06.14"]
[EventType "team"]

1. d4 Nf6 2. Nf3 e6 3. c4 d5 4. Nc3 Bb4 5. cxd5 exd5 6. Bg5 h6 7. Bh4 c5 8. Bxf6
Qxf6 9. a3 Bxc3+ 10. bxc3 O-O 11. g3 Nc6 12. Bg2 Bg4 13. O-O Bxf3 14. Bxf3 cxd4
15. cxd4 Nxd4 16. Bxd5 Rad8 17. e4 Kh8 18. Rb1 b6 19. f4 Ne6 20. Qf3 Nc5 21. e5
Qf5 22. Rbd1 Rd7 23. Bc6 Rxd1 24. Rxd1 f6 25. exf6 Qxf6 26. Kh1 Rd8 27. Rxd8+
Qxd8 28. Qd5 Qe7 29. Bb5 g5 30. fxg5 hxg5 31. Kg2 Kg7 32. Bc4 Qe4+ 33. Qxe4 Nxe4
34. h4 gxh4 35. gxh4 Nd6 36. Bd3 b5 37. Kf3 a5 38. Ke3 b4 39. axb4 axb4 1/2-1/2

[Event "FIDE World Bl Team Pool A"]
[Site "London ENG"]
[Date "2025.06.14"]
[Round "8.3"]
[White "Mesropov, Konstantin"]
[Black "Itgelt, Khuyagtsogt"]
[Result "0-1"]
[WhiteTitle "IM"]
[BlackTitle "IM"]
[WhiteElo "2458"]
[BlackElo "2425"]
[WhiteTeam "Global Ramblers"]
[BlackTeam "The MongolZ"]
[WhiteFideId "4116887"]
[BlackFideId "4902912"]
[EventDate "2025.06.14"]
[EventType "team"]

1. d4 Nf6 2. Bf4 g6 3. e3 Bg7 4. h3 O-O 5. Nf3 c5 6. c3 d6 7. Nbd2 Nc6 8. Be2
cxd4 9. exd4 Nd5 10. Bh2 e5 11. dxe5 dxe5 12. O-O Nf4 13. Bxf4 exf4 14. Re1 Qc7
15. Qa4 Bd7 16. Qa3 Rfe8 17. Bc4 h6 18. Bd5 Bf5 19. Qc5 Rxe1+ 20. Rxe1 Rd8 21.
Nb3 Qd7 22. Rd1 Kh7 23. Rd2 Bf8 24. Qb5 a6 25. Qb6 Re8 26. Kh2 Qc8 27. Bxf7 Re7
28. Bd5 g5 29. Nbd4 Nxd4 30. Nxd4 Bg6 31. Be6 Qb8 32. f3 Qe5 33. Re2 Qf6 34.
Bg8+ Kg7 35. Qxf6+ Kxf6 36. Rxe7 Bxe7 37. Bd5 b6 38. Kg1 Bc5 39. Kf2 Bd3 40. b4
Bd6 41. Be4 Bc4 42. a3 Be5 43. Bb7 a5 44. bxa5 bxa5 45. Bc6 h5 46. Ba4 h4 47.
Bd1 Bd6 48. a4 Bc5 49. Be2 Bb3 50. Bb5 Ke5 51. Ke2 Bxd4 52. cxd4+ Kxd4 53. Kd2
Bc4 54. Bd7 Bf1 55. Ke1 Ba6 56. Kd2 Bc4 57. Bf5 Kc5 58. Kc3 Bf1 59. Be6 Bxg2 60.
Bg4 Bf1 61. Bf5 Bc4 62. Bd7 Bd5 63. Bg4 Bc6 64. Kb3 Kd4 65. Bh5 Bd7 0-1